Vykoupení z věznice Shawshank strach dělá z lidí vězně, naděje jim dává křídla

Podrobná bibliografia
Médium: Video DVD
Jazyk:čeština
angličtina
Fyzický popis:1 videodisk (DVD) (136 min.) zvuk., fareb.
Vydavateľské údaje: Bratislava Intersonic 1996
Predmet:

MARC

LEADER 00000ngm a2200000 a 4500
001 vtls001219278
003 SK-MaSNL
005 20260301194811.0
007 vd cvaizu
008 251124s1996 xo 142 d 0vzcze
015 |a SNBJ1996/0100533 
035 |a SNK000163389 
040 |a SNK  |b slo  |c SNK  |e AACR2 
041 1 |a cze  |h eng 
044 |a xo  |c SK 
080 |a 791.43(73)(086.8)  |2 1981 
240 1 0 |a The Shawhank Redemption  |l Česky 
245 1 0 |a Vykoupení z věznice Shawshank  |h videozáznam  |b strach dělá z lidí vězně, naděje jim dává křídla  |c réžia Frank Darabont 
260 |a Bratislava  |b Intersonic  |c 1996 
300 |a 1 videodisk (DVD) (136 min.)  |b zvuk., fareb. 
500 |a Pôvodné práva : C 1994 Castle Rock Entertaimment 
500 |a Titulky : čes. 
511 1 |a Hrajú: Tim Robbins, Morgan Freeman 
521 |a Mládeži do 15 r. nevhodné 
655 7 |a videokazety  |2 SNKPH  |9 70726 
655 7 |a psychologické filmy  |2 SNKPH  |9 454230 
730 |a The Shawhank Redemption  |9 575895 
999 |c 883192  |d 885122 
952 |t P60, <03>, [BOOK], {603}  |a SNK  |b SNK  |y PREZ  |7 0  |p 17A0005545  |o snkSVC 699  |i snkJK 87/96  |0 0  |1 0  |4 0  |d 1996-07-02  |l 0  |r 2005-01-01 00:00:00  |w 2026-02-24